| 000 | 01107cad a22002295a 4500 | ||
|---|---|---|---|
| 001 | L146782 | ||
| 008 | 090226s2009 xxkad f s 000 0 eng d | ||
| 035 | _a(Sirsi) u146782 | ||
| 041 | 0 | _aeng | |
| 050 | 0 | 4 | _a333.33 $2 18 |
| 110 | 2 |
_aCushman and Wakefield _9244 |
|
| 245 | 0 | 0 |
_aOffice space across the world _b2009 _h[electronic resource] |
| 260 |
_aLondon _bCushman and Wakefield _c2009 |
||
| 490 | 0 |
_aOffice Space Across the World _v2009 |
|
| 520 | _aProvides analysis of prime office property rental performance and occupancy costs from 202 locations in 57 countries around the world on a country-by-country basis in the 12 months to December 2008. Reveals that Hong Kong and Tokyo are now the world's two most expensive office locations pushing London into third place. | ||
| 590 | _aKA NTK | ||
| 650 | 2 | 4 | _aCUSHMAN AND WAKEFIELD OFFICE SPACE ACROSS THE WORLD |
| 651 | 4 | _aInternational | |
| 690 | _aPROPERTY-COMMERCIAL PROPERTY-OFFICE PROPERTY-OFFICE PROPERTY MARKET | ||
| 856 | 4 | 0 |
_uhttps://www.cushmanwakefield.com/ _zView this report free of charge at www.cushmanwakefield.com... |
| 942 | _n0 | ||
| 999 |
_c109288 _d109288 |
||